| 000 | 00488nam a22001577a 4500 | ||
|---|---|---|---|
| 005 | 20260204072910.0 | ||
| 008 | 260204b |||||||| |||| 00| 0 eng d | ||
| 020 | _a971084768 | ||
| 040 |
_aJHCSC _cJHCSC Canuto M.S. Enerio Campus |
||
| 082 | _a001.64 | ||
| 100 |
_910110 _aJuny Pilapel La Putt _cBSCE _cAGP _cMS DIRECTOR _eAuthor |
||
| 245 | _aIntroduction to Computer Concepts | ||
| 260 |
_aMandaluyong City _bNational Book Store _c1984 |
||
| 300 |
_ax, 307 pages _bfig. |
||
| 942 |
_2ddc _cBOOK |
||
| 999 |
_c11316 _d11316 |
||